| 000 | 00358 a2200145 4500 | ||
|---|---|---|---|
| 001 | 168699 | ||
| 020 | _a | ||
| 040 | _cMagnum | ||
| 100 | _aAgencia Regional de Noticias | ||
| 240 | 1 | 0 |
_aClipping em educacao - informacoes direcionadas _lpor |
| 245 | 1 | 0 | _aClipping em educacao - informacoes direcionadas |
| 362 | 0 | _a1899 | |
| 697 | _aENSINO | ||
| 942 | _cBK | ||
| 999 |
_c168699 _d168699 |
||